Development in the Shadow: Studies in Ukrainian Economics (Запис № 280986)

МАРК-запис
000 -Лідер
fixed length control field 02515nam a22002417a 4500
001 - Контрольний номер
control field 2162214035924538
003 - Ідентифікатор контрольного номера
control field UA-OsUOA
005 - Дата та час останнього входження (трансакції)
control field 20231229152526.0
008 - Елементи даних фіксованої довжини – загальна інформація
fixed length control field 231229b -cn||||| |||| 00| 0 eng d
020 ## - Міжнародний стандартний книжковий номер (ISBN)
Міжнародний стандартний книжковий номер (ISBN) (НП) 0920862551
040 ## - Джерело каталогізації
Агенція оригінальної каталогізації UA-OsUOA
Мова каталогізації ukr
Агенція, яка здійснювала перезапис UA-OsUOA
Агенція, яка здійснювала модифікацію UA-OsUOA
041 ## - Код мови
Код мови тексту/ звукової доріжки чи окремого заголовка (П) eng
080 ## - Індекс Універсальної десяткової класифікації
Індекс Універсальної десяткової класифікації (УДК) (НП) 33
090 ## - Локальний шифр розміщення
Класифікаційний індекс УДК 33
Авторський знак (НП) K75
100 ## - Основне введення – ім’я особи
Ім’я особи (НП) Koropeckyj I. S.
245 ## - Відомості про назву
Назва (НП) Development in the Shadow: Studies in Ukrainian Economics
Дані про відповідальність (НП) I. S. Koropeckyj
260 ## - Публікація, розповсюдження і т.п. (Вихідні дані)
Місце публікації, розповсюдження і т.п. (П) Edmonton
Ім’я/ наймення видавництва, розповсюджувача і т.п. (П) Canadian Institute of Ukrainian Studies Press
-- University of Alberta
Дата публікації, розповсюдження і т.п. (П) 1990
300 ## - Фізичний опис
Обсяг 291 p.
520 ## - Резюме і т.п.
Резюме, реферат, анотація, тощо (НП) The Russian occupation of Ukraine under the tsarist and communist regimes exerted a decisive influence on the development of Ukrainian economics. The present collection of essays, written over a ten-year period, explores some of the pertinent issues. The 1917 Revolution can be taken as a logical dividing point for comparing the impact of the two different political and economic systems on the performance of Ukraine's economy and the welfare of its population.<br/>It appears that the effect of the Soviet regime was in general harmful to Ukraine. Relative to other Soviet republics, its economic growth was one of the lowest, and income per capita deteriorated. Despite the inferior performance of the Ukrainian economy, the Soviet regime continued year in and year out the unrequited transfer of part of Ukraine's national income to other regions of the USSR in greater amounts that its tsarist predecessor. Geopolitical considerations were the primary motivation. Analysis of most of the period since World War II suggests that, in order to achieve Soviet political and military goals, Ukrainian authorities had to be left without any real decision-making power, despite official propaganda to the contrary.<br/><br/>In order to integrate Ukraine into the Russian Empire/USSR, it was not enough to control its economy completely: its intellectual base had to be destroyed as well. Before 1917 the imperial establishment tended to appropriate the contributions of Ukrainian scholars to economics — a practice that continued under the Soviets.<br/><br/>The overall conclusion of this study is that Moscow's administration of the Ukrainian economy, regardless of the system in place, was detrimental to its performance and to the population's welfare, and dangerous to the survival of the Ukrainian nation itself.
650 ## - Додаткове предметне введення – тематичний термін
Тематичний термін чи географічна назва, як елемент введення (НП) 33 Економіка. Економічні науки
Джерело заголовка чи терміна UDC
942 ## - Додаткові елементи входу (Коха)
Тип елемента Koha Книги
Source of classification or shelving scheme Universal Decimal Classification
955 ## - Код типу видання за змістом
Код типу видання за змістом (НП) Науково-популярні видання
Фонди
Стан вилучень Стан втрат Джерело класифікації або схеми стелажів Стан уражень Не для кредиту Постійне місце розташування Поточне розміщення Дата придбання Джерело придбання Вартість, звичайна ціна покупки Повний номер виклику Штрих-код Дата останнього перегляду Вартість, ціна заміни Ціна ефективна від Тип елемента Koha
    Universal Decimal Classification     ВІЛ - Відділ іноземн. літератури НБ ВІЛ - Відділ іноземн. літератури НБ 08/08/2005 Акт № 5\05 3.00 33 K75 207086 16/11/2021 3.00 26/12/2005 Книги